| 000 | 00464nam a2200169Ia 4500 | ||
|---|---|---|---|
| 003 | LK-CoDNM | ||
| 005 | 20240729135209.0 | ||
| 008 | 010623t1925 xxu||||| |||| 00| 1 eng d | ||
| 040 |
_aLK-CoDNM _dLK-CoDNM _eLK-CoDNM |
||
| 041 | _aeng | ||
| 080 |
_a14 _bV22 |
||
| 100 | _aBinyon,Laurence. | ||
| 245 | _aAsiatic Art in the British Museum(Sculpture and Painting) | ||
| 260 |
_bG.Van Oest _aParis and Brussels _c1925 |
||
| 300 | _b74p. : 64ill ; 33 cm | ||
| 942 | _cBK | ||
| 999 |
_c92633 _d92633 |
||